000 01815nam0a2200349 4500
001 RU\NLR\BIBL_A\022621277
005 20260420053340.0
010 _a978-5-907949-87-4
_9500
021 _aRU
_bКН-П-25-043768
_9КН-П-25-4260
035 _a(NLR Aleph) 022621277
090 _a13684252
_c13684252
100 _a20250915d2025 u y0rusy50 ca
101 0 _arus
102 _aRU
105 _aa z 100zy
181 0 _ai3
_baxxe
182 0 _an
200 1 _aЛукоморье
_eсборник прозы и поэзии участников литературной премии
_fсост. Ольга Павлова
_g[иллюстрации блока и титульный лист изготовлены при помощи нейросети ChatGPT]
203 _aТекст
_bвизуальный
_cнепосредственный
210 _aСанкт-Петербург
_cЧетыре
_d2025
215 _a171, [3] с.
_cил.
_d22
225 1 _aДетская книжная вселенная
327 0 _aСодерж.: авторы: Марина Боева, Нина Гаврикова, Ольга Голованова, Алексей Козинин, Любовь Косинова, Екатерина Морозова, Людмила Новокиевская, София Парипская, Марина Рождественская, Наталья Самошкина [и др.]
333 _a6+
686 0 _aШ9(2)60=Р7я43
702 1 _4220
_7ca
_8rus
_aПавлова
_bО. В.
_cлитератор
_f1981-
_gОльга Вячеславовна
_9246706
_3RU\NLR\AUTH\770246762
942 _cBOOK
980 _aNB